Sanat - "Lumienkeleitä" - Juulia Haverinen - Statistics

Yleistilastot
  • Tätä visaa on pelattu 15 kertaa
  • Keskiarvotulos 64 / 88
Vastaustilastot
Vastaus % Oikein
lunta
100%
on
100%
on
100%
on
100%
Sataa
100%
enkelit
91%
enkelit
91%
hän
91%
häntä
91%
helisee
91%
helisee
91%
hiljalleen
91%
ja
91%
ja
91%
jo
91%
kun
91%
kun
91%
kynttilää
91%
kynttilää
91%
Lumienkeleitä
91%
lumienkeleitä
91%
lumienkeleitä
91%
lumienkeleitä
91%
Lumienkeleitä
91%
lumienkeleitä
91%
lumienkeleitä
91%
lumienkeleitä
91%
maa
91%
niitä
91%
niitä
91%
niitä
91%
niitä
91%
paleltaa
91%
sytyttää
91%
sytyttää
91%
tuhat
91%
tuhat
91%
tyttö
91%
valkoinen
91%
hiljaa
82%
hiljaa
82%
kulkee
82%
tuuli
82%
tuuli
82%
ympärillä
82%
ympärillä
82%
enkelin
73%
hyväilee
73%
hyväilee
73%
kristallihelmet
73%
mietteineen
73%
se
73%
se
73%
tekee
73%
tekee
73%
huolet
64%
ikävän
64%
lämpimikseen
64%
lumeen
64%
poistaa
64%
siks
64%
toisenkin
64%
katsoo
55%
kristallihelmet
55%
näytelmää
55%
saa
55%
tytön
55%
heistä
45%
jää
45%
jokainen
45%
kai
45%
kaikki
45%
lapsen
45%
löytää
45%
lumoaa
45%
mennä
45%
moni
45%
niin
45%
nyt
45%
sai
45%
sisältään
45%
kiireet
36%
nään
36%
Seisomaan
36%
sen
36%
silmistänsä
36%
taas
36%
tuokioksi
27%
Ehtoja vastaavia visoja ei löytynyt
Tulosjakauma
Jokaisen tuloksen saaneiden osuus
Persentiili vastausten määrän mukaan
Tuloshistoriasi
Et ole pelannut tätä visaa